Technology of Textile Printing (Record no. 3424)
[ view plain ]
| 000 -LEADER | |
|---|---|
| fixed length control field | 00337nam a2200133Ia 4500 |
| 008 - FIXED-LENGTH DATA ELEMENTS--GENERAL INFORMATION | |
| fixed length control field | 191201s2000 xx 000 0 und d |
| 082 ## - DEWEY DECIMAL CLASSIFICATION NUMBER | |
| Classification number | 677.38 |
| Item number | PRT |
| 100 ## - MAIN ENTRY--PERSONAL NAME | |
| Personal name | PRAYAG, R S |
| 245 #0 - TITLE STATEMENT | |
| Title | Technology of Textile Printing |
| 260 ## - PUBLICATION, DISTRIBUTION, ETC. (IMPRINT) | |
| Place of publication, distribution, etc | N.Delhi |
| Name of publisher, distributor, etc | Mahajan Book Distributors |
| Date of publication, distribution, etc | 2000 |
| 300 ## - PHYSICAL DESCRIPTION | |
| Extent | 250 |
| 650 ## - SUBJECT ADDED ENTRY--TOPICAL TERM | |
| Topical term or geographic name as entry element | B.Tech(TE) |
| 942 ## - ADDED ENTRY ELEMENTS (KOHA) | |
| Source of classification or shelving scheme | Dewey Decimal Classification |
| Koha item type | Text Books |
| Withdrawn status | Lost status | Source of classification or shelving scheme | Damaged status | Not for loan | Collection code | Home library | Current library | Date acquired | Source of acquisition | Cost, normal purchase price | Bill Number | Total Checkouts | Full call number | Acc. no. / Barcode | Date last seen | Bill Date | Koha item type | Date last borrowed |
|---|---|---|---|---|---|---|---|---|---|---|---|---|---|---|---|---|---|---|
| Dewey Decimal Classification | B.Tech(TE) | PIET C-LIBRARY | PIET C-LIBRARY | 31/03/2008 | Technical Book | 150.00 | TBS/4006 | 677.38 PRT | 8806 | 04/12/2019 | 11/03/2008 | Text Books | ||||||
| Dewey Decimal Classification | B.Tech(TE) | PIET C-LIBRARY | PIET C-LIBRARY | 31/03/2008 | Technical Book | 150.00 | TBS/4006 | 2 | 677.38 PRT | 8807 | 05/05/2025 | 11/03/2008 | Text Books | 21/04/2025 | ||||
| Dewey Decimal Classification | B.Tech(TE) | PIET C-LIBRARY | PIET C-LIBRARY | 31/03/2008 | Technical Book | 150.00 | TBS/4006 | 4 | 677.38 PRT | 8808 | 23/06/2025 | 11/03/2008 | Text Books | 10/02/2025 | ||||
| Dewey Decimal Classification | B.Tech(TE) | PIET C-LIBRARY | PIET C-LIBRARY | 31/03/2008 | Technical Book | 150.00 | TBS/4006 | 8 | 677.38 PRT | 8809 | 21/03/2025 | 11/03/2008 | Text Books | 19/03/2025 | ||||
| Dewey Decimal Classification | B.Tech(TE) | PIET C-LIBRARY | PIET C-LIBRARY | 31/03/2008 | Technical Book | 150.00 | TBS/4006 | 9 | 677.38 PRT | 8810 | 19/05/2025 | 11/03/2008 | Text Books | 05/05/2025 | ||||
| Dewey Decimal Classification | B.Tech(TE) | PIET C-LIBRARY | PIET C-LIBRARY | 24/02/2009 | Indian International Text Book | 250.00 | 105 | 6 | 677.38 PRT | 11039 | 11/04/2024 | 26/11/2008 | Text Books | 29/03/2024 | ||||
| Dewey Decimal Classification | B.Tech(TE) | PIET C-LIBRARY | PIET C-LIBRARY | 24/02/2009 | Indian International Text Book | 250.00 | 105 | 6 | 677.38 PRT | 11040 | 11/03/2025 | 26/11/2008 | Text Books | 24/02/2025 | ||||
| Dewey Decimal Classification | B.Tech(TE) | PIET C-LIBRARY | PIET C-LIBRARY | 24/02/2009 | Indian International Text Book | 250.00 | 105 | 9 | 677.38 PRT | 11041 | 25/02/2026 | 26/11/2008 | Text Books | 12/02/2026 | ||||
| Dewey Decimal Classification | B.Tech(TE) | PIET C-LIBRARY | PIET C-LIBRARY | 24/02/2009 | Indian International Text Book | 250.00 | 105 | 6 | 677.38 PRT | 11042 | 25/06/2024 | 26/11/2008 | Text Books | 12/06/2024 | ||||
| Dewey Decimal Classification | B.Tech(TE) | PIET C-LIBRARY | PIET C-LIBRARY | 24/02/2009 | Indian International Text Book | 250.00 | 105 | 677.38 PRT | 11043 | 04/12/2019 | 26/11/2008 | Text Books |